Vol. 75, № 7; Transactions of the ASME

Detalles Bibliográficos
Parent link:Transactions of the ASME: journal/ American Society of Mechanical Engineers. Vol. 75, № 7.— , 1880-1900, 1903, 1905-1912, 1927-1958
Lenguaje:inglés
Publicado: 1953
Formato: Libro
KOHA link:https://koha.lib.tpu.ru/cgi-bin/koha/opac-detail.pl?biblionumber=571709

MARC

LEADER 00000nam2a2200000 4500
001 571709
005 20231101125302.0
035 |a (RuTPU)RU\TPU\prd\269693 
035 |a RU\TPU\prd\269686 
090 |a 571709 
100 |a 20170228c18801958k y0engy50 ba 
101 0 |a eng 
102 |a US 
200 0 |a Vol. 75, № 7 
210 |d 1953 
461 1 |0 (RuTPU)RU\TPU\prd\505  |t Transactions of the ASME  |o journal  |f American Society of Mechanical Engineers  |v Vol. 75, № 7  |d 1880-1900, 1903, 1905-1912, 1927-1958 
801 0 |a RU  |b 63413507  |c 20010227  |g PSBO 
801 1 |a RU  |b 63413507  |c 20020228  |g PSBO 
801 2 |a RU  |b 63413507  |c 20170302  |g PSBO 
942 |c BK 
999 |a НТБ_ТПУ  |b НФ  |e -14/20170109  |p П-172  |u 0,00  |v 1  |x 3168